| 000 | 00712nam a22002177a 4500 | ||
|---|---|---|---|
| 999 |
_c15964 _d15964 |
||
| 003 | AR-CdUCM | ||
| 008 | 190430b ||||| |||| 00| 0 spa d | ||
| 040 |
_aMUNICIPALIDAD PROVINCIAL DEL CUSCO _cBIBLIOTECA MUNICIPAL DEL CUSCO |
||
| 082 |
_aEP / 868.4 / _bZ37 |
||
| 100 |
_aZapata Santillana, Everardo _927530 |
||
| 245 | _aFabulas de Samaniego / | ||
| 260 |
_aLima : _bEdiciones Coquito. |
||
| 300 |
_a124 páginas ; _bilustraciones, retrato, _c21 cm. |
||
| 650 |
_aFabulas _94606 |
||
| 650 |
_aLiteratura infantil _9588 |
||
| 650 |
_aTextos infantiles _933764 |
||
| 700 |
_aGranda, Hugo (ilustraciones) _935220 |
||
| 710 |
_aEditorial Navarrete. _918381 |
||
| 942 |
_2ddc _cLIBROS |
||
| 945 |
_aachl _d2019-04-30 |
||